000 02011nam a2200481 c 4500
003 BLK
005 20250730092514.0
008 180408b bul|||||r ||||||| ||bul||
010 _aKNG00086145000
020 _a978-954-337-039-9
040 _aBLK
041 _aBUL
_cBUL
072 7 _2bullib
_aЯ
_xАвтографи
072 7 _2bullib
_aК
_xКраезнание
080 _aКраезнание
_b908
_x(497.21-22)
_z908(497.21-22)
080 _aИстория на България
_b94(497.2)
_z94(497.2)
100 1 _aИванов, Иван Николов
_eпърви автор
_9365827
139 _aИванов, Иван Николов
_bИ 21
245 1 0 _aСело Каран Върбовка [- Русенско]
_cИван Н. Иванов.
257 _aBGR
260 _aРусе
_bАвангард принт
_c2007
300 _a224 с. : с ил., к., табл.
_c24 см
380 _a9
500 _aСъдържа и Кметове на с. Каран Върбовка ; Председатели на управителния съвет на потребителската кооперация и предхождащите я кооперативни сдружения ; Председатели на ТКЗС и земеделските кооперации Черни лом и Зора.
504 _aБиблиогр. с. 218-220
650 4 _aСела - България - история и етнография
_9244827
651 4 _aКаран Върбовка
_9179006
651 4 _aРусенско
_9179464
651 4 _aБългария
_9241624
653 _aсела
653 _aистория
653 _aетнография
653 _aкраезнание
659 _aК
659 _aЯ
852 _aЦб 241691
856 4 _qpdf
856 4 _qpdf
942 _cKNG
_n0
_09
944 _aCR
_c31.10.2008
_k30560
_lГеновева Генчева
944 _aED
_c22.05.2015
_kВалентина_Караджова
999 _c81641
_d81641
999 _d81641